00540nam a2200157 a 450000100100000000500170001000800410002704000250006808200150009310000410010824500420014926000400019130000210023195201130025299900170036500003635420200930075703.0120113s1964 fr 000 0 fre d aDO-SdBNPbspacBNPHU axxxxbB1981 aBalzac, Honoré,d1799-1850.96253710aEugénie grandet /cHonoré Balzac. aParis :bGarnier-Flammarion,c1964. a179 p. ;c18 cm. 001050718MOaPDbPDcCTd2012-01-16iLF1l0oxxxx B198p36355-10r2020-06-25w2020-06-25y1ZNo se presta c35845d35845